000 00910nam0a22002411 4500
001 rc\2721377
005 20260406225047.0
035 _a(NLR Aleph) 006849040
090 _a6726430
_c6726430
100 _a20110915d1938 |||y0rusy50 ca
101 0 _arus
102 _aRU
105 _ay z |||||
200 1 _aИнструктивные указания по составлению плана работы хлебопекарни
210 _a[Челябинск]
_cПланово-экономическ. отд. Центросоюза
_d[1938]
215 _a18 с.
_d19 см.
300 _aПерепечатано Челябинск. Облпотребсоюзом
710 0 2 _aЦентросоюз
_bПланово-экономический отдел
_9458005
_3RU\NLR\AUTH\889980890
801 0 _aRU
_bNLR
_gpsbo
801 1 _aRU
_bELAR
_2rusmarc
852 _aNLR
_j38-10/5551
942 _cBOOK
980 _aNB